000 03160cam a22005534i 4500
003 PE-LiUPU
005 20250731173304.0
008 150625s2005 bl a r 000 0 spa d
035 _a(Sirsi) a36393
040 _aPE-LiUPU
_bspa
_cPE-LiUPU
_erda
049 _aPRUA
082 0 4 _a286.732
_bV35M
_221
080 _a286.732
_bV35 2005
100 1 _aVásquez, Manuel,
_eautor.
245 1 0 _aMilton Afonso :
_bvida y obra /
_cManuel Vásquez.
264 1 _aSao Paulo, Brasil :
_bCasa Publicadora Brasileira,
_c2005.
300 _a206 páginas :
_bilustraciones ;
_c31 centímetros
336 _atext
_2rdacontent
337 _aunmediated
_2rdamedia
338 _avolume
_2rdacarrier
505 0 _aUn muchachito con un gran destino -- Primer contacto con los adventistas -- Vida de internado -- Estudios preuniversitarios -- Mi blanco: Ser rico y poderoso -- Amor a primera vista -- Abogado en el área de la salud -- Orígenes de la Golden Cross -- Dolores de crecimiento -- Compra de hospitales -- Donando su imperio a la iglesia -- Adquisición de una universidad -- Expansión de la Golden Cross -- La Golden Cross vuelve para quedarse -- Compasión por los niños desamparados -- Visión de los medios de comunicación y la iglesia -- La Radio Nuevo Tiempo en Sudamérica -- "Amo mi iglesia" -- Galerías de fotos.
526 _aSEG42
526 _aSEG41
526 _aSEG40
526 _aSEG39
526 _aP94
526 _aP87
526 _aP86
526 _aP85
526 _aP77
526 _aP76
526 _aP35
600 1 _aAfonso Soldani, Milton.
_d1921-
610 2 _aIASD
_zBrasil
_vReferencias.
910 _baj
_ceq
_d20050803
942 _2ddc
_cBOOK
949 _a286.732 V35M
_wDEWEY
_c1
_i55592
_lCCODEBUL1
_mBUL
_p12.00
_r0
_sY
_tBOOK
_u2015-06-25
_xBIBLIOTECA
_zUNKNOWN
_0COMPRA
_o.STAFF. Colección Teología
949 _a286.732 V35 2005
_wDEWEY
_c1
_iFT00564
_lCCODEBUT1
_mBUT
_p{Dolar}20.00
_r0
_sY
_tBOOK
_u08/006/2018
_xBIBLIOTECA
_zUNKNOWN
_o.STAFF. Colección General Tarapoto
949 _a286.732 V35 2005
_wDEWEY
_c1
_iFT00565
_lCCODEBUT1
_mBUT
_p{Dolar}20.00
_r0
_sY
_tBOOK
_u08/006/2018
_xBIBLIOTECA
_zUNKNOWN
_o.STAFF. Colección General Tarapoto
994 _aC0
_dPEPRU
596 _a1 2
999 _a286.732 V35M
_wDEWEY
_c44460
_i55592
_d44460
_e2015-11-27
_f2021-11-11
_g6
_lCCODEBUL1
_mBUL
_n1
_p12.00
_q1
_r0
_sY
_tBOOK
_u2015-6-25
_xTEOLOGIA
_PP35
_0COMPRA
_o.STAFF. Colección Teología
999 _a286.732 V35M
_wDEWEY
_c2
_i75052
_d2017-5-7
_e2017-5-5
_f2021-11-11
_g6
_lCCODEBUL1
_mBUL
_n4
_p12.00
_r0
_sY
_tBOOK
_u2016-10-19
_xTEOLOGIA
_PP35
_0COMPRA
_o.STAFF. Colección Teología
999 _a286.732 V35 2005
_wATDEWEY
_c1
_iFT00564
_f2019-2-20
_g1
_lCCODEBUT1
_mBUT
_p20.00
_r0
_sY
_tBOOK
_u2018-6-8
_xBIBLIOTECA
_zUNKNOWN
_0DONACION
_o.STAFF. Colección general
999 _a286.732 V35 2005
_wATDEWEY
_c2
_iFT00565
_f2019-2-20
_g1
_lCCODEBUT1
_mBUT
_p20.00
_r0
_sY
_tBOOK
_u2018-6-8
_xBIBLIOTECA
_zUNKNOWN
_0DONACION
_o.STAFF. Colección general
980 _81
_gALBERTO SANCHEZ Responsable de Automatización